Famous People from the 19th Century AD - Statistics

General Stats
  • This quiz has been taken 99 times
  • The average score is 14 of 20
Answer Stats
Hint Answer % Correct
Influencial communist philosopher and author of "Das Kapital" and the "Communist Manifesto" Karl Marx
98%
First Emperor of France, who conquered large parts of Europe Napoleon Bonaparte
96%
Classical composer, who paved the way for Romantic Music, composed 9 Symphonies and the "Moonlight Sonata" Ludwig van Beethoven
95%
Queen of Great Britain and Empress of India, ruled from 1837 to 1901 during the golden age of the British Empire Queen Victoria
94%
US President during the American Civil War, freed the slaves Abraham Lincoln
90%
South American independence fighter and President of Gran Colombia Simon Bolivar
86%
Russian writer, author of "War and Peace" and "Anna Karenina" Leo Tolstoy
84%
British admiral during the Coalition Wars, died at the Battle of Trafalgar, where the British Navy was able to decisively beat the Franch Navy Horatio Nelson
83%
Inventor, who greatly improved the steam engine, the unit of power is named after him James Watt
83%
Author of "Sense and Sensibility", "Pride and Prejudice" and "Emma" Jane Austen
80%
Chancellor of Prussia and Germany, who played an important role in unifiying Germany Otto von Bismarck
78%
King of Belgium and ruler of the Congo Free State, responsible for massive slaughtering of civilians in Congo Leopold II
72%
Philosopher, author of "Thus spoke Zarathustra", "Antichrist" and "Beyond Good and Evil", developed the concept of the Übermensch Friedrich Nietzsche
68%
Russian writer, known for "Crime and Punishment", "The Brothers Karamazov", "The Idiot" Fyodor Dostoevsky
64%
General, who fought for Italian Unification, became ruler of Naples and Sicily, which was united with Sardinia-Piemont under Victor Emmanuel II Giuseppe Garibaldi
52%
Prince of Portugal, who became the first emperor of Brazil, which gained its independence Pedro I
42%
Scientist, who researched Electromagnetism and discovered the Law of Induction Michael Faraday
40%
Tenno, who ended the Shogunate, ended japanese isolation and westernized the country Meiji
31%
Austrian diplomat, who played an important role at the Congress of Vienna, which reinstalled absolutistic role in Europe Klemens von Metternich
28%
"Princeps mathematicorum", developed the Normal Distribution Function, proved the "Fundamental theorem of algebra" and researched the magnetic field of the earth Carl Friedrich Gauss
25%
No matching quizzes found
Score Distribution
Percent of People with Each Score
Percentile by Number Answered
Your Score History
You have not taken this quiz